Human molecular genetics (Record no. 395187)

MARC details
000 -LEADER
fixed length control field 00507 a2200193 4500
005 - DATE & TIME
control field 20260203161337.0
008 - FIXED-LENGTH DATA ELEMENTS--GENERAL INFORMATION
fixed length control field 260203b |||||||| |||| 00| 0 eng d
020 ## - ISBN
International Standard Book Number 9789390012367
Price Rs. 3495.00
040 ## - CATALOGING SOURCE
Original cataloging agency VIVEKANANDA LIBRARY
082 ## - DDC NUMBER
Classification number 611.01816
Book Number S64H
100 ## - MAIN ENTRY--PERSONAL NAME
Personal name Singh, Ranjeet Kumar
245 ## - TITLE STATEMENT
Title Human molecular genetics
260 ## - PUBLICATION, DISTRIBUTION, ETC. (IMPRINT)
Name of publisher, distributor, etc Amiga Press
Date of publication, distribution, etc 2026
Place of publication, distribution, etc New Delhi
300 ## - PHYSICAL DESCRIPTION
Pages viii,221
650 ## - Subject
Subject Medical Biotechnology
650 ## - Subject
Subject Molecular Genetics
650 ## - Subject
Subject Human Genetics
942 ## - ADDED ENTRY ELEMENTS (KOHA)
Koha item type Books
Holdings
Withdrawn status Lost status Source of classification or shelving scheme Damaged status Not for loan Location (home branch) Sublocation or collection (holding branch) Shelving location Date acquired Koha issues (times borrowed) Koha full call number Accession No. Koha date last seen Koha item type
    Dewey Decimal Classification     VIVEKANANDA LIBRARY VIVEKANANDA LIBRARY Vivekananda Library 07/01/2026   611.01816 S64H 444049 07/01/2026 Books
© Designed and Maintained by Vivekananda Library, MDU Rohtak